000 00608nam a2200205Ia 4500
003 OSt
005 20260508145758.0
008 210210b1992 xxu||||| |||| 00| 0 eng d
040 _cAL
041 _aKannada
082 _a398.2K VENG
100 _aVENKATAKRASHNAYYA (K).
_dವೆಂಕಟಕೃಷ್ಣಯ್ಯ (ಕೆ)
_9263641
245 _aGombeyatavayya.
_bಗೊಂಬೆಯಾಟವಯ್ಯ
260 _aKasaragodu.
_bShri Gopalakrashna Yakshagana Bombeyata Sangha.,
_c1992
300 _a213
650 _aGombeyata
_9263642
690 _aFolklore
_9263643
906 _a045994
942 _2ddc
_cBK
999 _c95618
_d95618